Sand and sandstone / (Record no. 178444)
[ view plain ]
| 000 -LEADER | |
|---|---|
| fixed length control field | 00799 a2200241 4500 |
| 003 - CONTROL NUMBER IDENTIFIER | |
| control field | Nust |
| 005 - DATE AND TIME OF LATEST TRANSACTION | |
| control field | 20240808101956.0 |
| 010 ## - LIBRARY OF CONGRESS CONTROL NUMBER | |
| LC control number | 73175227 |
| 020 ## - INTERNATIONAL STANDARD BOOK NUMBER | |
| International Standard Book Number | 0072658644 |
| -- | pbk |
| 040 ## - CATALOGING SOURCE | |
| Transcribing agency | Nust |
| 082 00 - DEWEY DECIMAL CLASSIFICATION NUMBER | |
| Classification number | 552.5,PET |
| 100 1# - MAIN ENTRY--PERSONAL NAME | |
| Personal name | Pettijohn, F. J. |
| 9 (RLIN) | 25533 |
| 245 10 - TITLE STATEMENT | |
| Title | Sand and sandstone / |
| Statement of responsibility, etc. | F.J. Pettijohn, P.E. Potter& R. Siever. |
| 250 ## - EDITION STATEMENT | |
| Edition statement | 2nd ed |
| 260 ## - PUBLICATION, DISTRIBUTION, ETC. | |
| Place of publication, distribution, etc. | New York, |
| Name of publisher, distributor, etc. | Springer-Verlag, |
| Date of publication, distribution, etc. | 1986. |
| 300 ## - PHYSICAL DESCRIPTION | |
| Extent | xvi, 618 p. |
| Other physical details | illus. |
| Dimensions | 25 cm. |
| 505 ## - FORMATTED CONTENTS NOTE | |
| Formatted contents note | Part-1: The Fundamental Properties of Sandstones (Page-25), Part-2: The Petrographic of Sandstones (Page-139), Part-3: Processes That from Sand and Sandstone (Page-251). |
| 650 #0 - SUBJECT ADDED ENTRY--TOPICAL TERM | |
| Topical term or geographic name entry element | Sand. |
| 9 (RLIN) | 2390 |
| 650 #0 - SUBJECT ADDED ENTRY--TOPICAL TERM | |
| Topical term or geographic name entry element | Sandstone. |
| 9 (RLIN) | 2391 |
| 700 1# - ADDED ENTRY--PERSONAL NAME | |
| Personal name | Potter, Paul Edwin, |
| 9 (RLIN) | 2392 |
| 700 1# - ADDED ENTRY--PERSONAL NAME | |
| Personal name | Siever, Raymond, |
| 9 (RLIN) | 2393 |
| 942 ## - ADDED ENTRY ELEMENTS (KOHA) | |
| Source of classification or shelving scheme | |
| Koha item type | Book |
| Withdrawn status | Lost status | Source of classification or shelving scheme | Damaged status | Not for loan | Permanent Location | Current Location | Shelving location | Date acquired | Full call number | Barcode | Date last seen | Price effective from | Koha item type | Public note |
|---|---|---|---|---|---|---|---|---|---|---|---|---|---|---|
| Military College of Signals (MCS) | Military College of Signals (MCS) | General Stacks | 12/12/2016 | 552.5,PET | MCS34449 | 12/08/2016 | 12/12/2016 | Book | Almirah No.25, Shelf No.6 |
